00336nam a2200109Ia 4500008004100000082001500041100001400056245004000070942000600110952009700116999001300213240331s9999 xx 000 0 und d a294.5bSHA aSharma, N 4aThe Kamarupa school of dharmasastra cL 001040708LaWERCLbWERCLcSSCd2024-03-31l0o 294.5 SHAp3993r2024-03-31w2024-03-31yL c951d951